Miejscowości w gminie Lutowiska z mapą - Statystyki

Ogólne statystyki
  • Ten quiz został rozwiązany 77 razy
  • Średni wynik to 9 z 29
Odpowiedzi na mapie
Odpowiedzi zakodowano w zielono-czerwonej skali na mapie do tego quizu, zgodnie z poniższymi procentami.
 
Statystyki odpowiedzi
Wieś Liczba ludności % Poprawnych
Lutowiska 773
96%
Ustrzyki Górne 80
65%
Wołosate 45
58%
Muczne 40
48%
Sianki 0
46%
Stuposiany 96
38%
Smolnik 175
37%
Pszczeliny 141
33%
Tarnawa Niżna 39
33%
Tarnawa Wyżna 0
33%
Brzegi Górne 6
31%
Dwernik 163
31%
Bukowiec 0
29%
Chmiel 144
29%
Beniowa 0
27%
Zatwarnica 205
27%
Dwerniczek 56
25%
Sokoliki 0
25%
Bereżki 40
23%
Nasiczne 57
21%
Procisne 45
19%
Caryńskie 2
17%
Hulskie 5
17%
Krywe 2
17%
Dydiowa 0
15%
Łokieć 0
15%
Skorodne 42
13%
Dźwiniacz Górny 41
12%
Żurawin 11
12%
Nie znaleziono quizów pasujących do podanych kryteriów
Rozkład punktacji
Procent ludzi z każdym wynikiem
Percentyl według liczby udzielonych odpowiedzi
Twoja historia wyników
Nie rozwiązałeś tego quizu